Povinnosti zamestnávateľov pri odmeňovaní zamestnancov

Zákon o mzde ako jediný určujúci predpis z hľadiska odmeňovania v podnikateľskej sfére. Uplatňovanie vnútorného mzdového predpisu pri odmeňovaní zamestnancov. Prehľad základných predpisov, týkajúcich sa odmeňovania zamestnancov podnikateľskej sféry. Minimálne mzdové nároky zamestnancov. Všeobecne zá...

ver descrição completa

Na minha lista:
Detalhes bibliográficos
Autor principal: Mačuha, Miroslav
Formato: Capítulo de Livro
Idioma:eslovaco
Assuntos:
Tags: Adicionar Tag
Sem tags, seja o primeiro a adicionar uma tag!

MARC

LEADER 00000naa a2200000 4500
001 r032549
005 20230919081242.7
041 0 |a slo 
044 |a SK 
245 1 0 |a Povinnosti zamestnávateľov pri odmeňovaní zamestnancov  |c Miroslav Mačuha 
520 |a Zákon o mzde ako jediný určujúci predpis z hľadiska odmeňovania v podnikateľskej sfére. Uplatňovanie vnútorného mzdového predpisu pri odmeňovaní zamestnancov. Prehľad základných predpisov, týkajúcich sa odmeňovania zamestnancov podnikateľskej sféry. Minimálne mzdové nároky zamestnancov. Všeobecne záväzné mzdové nároky zamestnancov. Mzdové nároky pri absencii kolektívneho vyjednávania. Nároky zamestnancov súvisiace s poskytovaním mzdy. 
610 2 0 |a odmeňovanie 
610 2 0 |a zamestnávatelia 
610 2 0 |a podnikatelia 
610 2 0 |a predpisy mzdové 
610 2 0 |a mzdy 
610 2 0 |a zamestnanci 
610 2 0 |a predpisy právne 
610 2 0 |a zárobky 
100 1 |a Mačuha, Miroslav